Cómo nace el poema: y otros ensayos y notas
Saved in:
| Hovedforfatter: | |
|---|---|
| Format: | Bog |
| Sprog: | spansk |
| Udgivet: |
Madrid
Aguilar
1962
|
| Udgivelse: | 1a. ed |
| Serier: | Ensayistas Hispánicos
|
| Fag: | |
| Tags: |
Tilføj Tag
Ingen Tags, Vær først til at tagge denne postø!
|
MARC
| LEADER | 00000cam a2200000 a 4500 | ||
|---|---|---|---|
| 001 | UCC3610 | ||
| 003 | CL-VaPUC | ||
| 008 | 180527e19620000sp |||||||||||||||||spa|d | ||
| 082 | 0 | 4 | |a 861.09 |b MAN |2 21 |
| 100 | |a Manent, María |e autora |9 597667 | ||
| 245 | 1 | 0 | |a Cómo nace el poema: y otros ensayos y notas |
| 250 | |a 1a. ed | ||
| 300 | |a 318 p | ||
| 942 | |c BK | ||
| 945 | |d 20180527 18:33:00 |a arojas | ||
| 260 | |a Madrid |b Aguilar |c 1962 | ||
| 650 | 0 | |a Poesía española |9 264938 | |
| 650 | 0 | |a Literatura española |9 306261 | |
| 650 | 0 | |a Crítica e interpretación |9 255042 | |
| 583 | |a last modification |c 20180527 18:33:00 |k Rodrigo Vera | ||
| 490 | 0 | |a Ensayistas Hispánicos | |
| 999 | |c 371303 |d 371301 | ||
| 952 | |0 0 |1 0 |3 erb |4 0 |6 861_090000000000000_MAN_1962 |7 0 |8 A |9 488269 |a BIBEDU |b BIBEDU |i 5470935 |o 861.09 MAN 1962 |p 5470935 |r 2019-11-24 |w 2019-11-24 |y BK |z Catalogado en:20180527 |k LIT | ||